| 000 | 01312cam a22003375a 4500 | ||
|---|---|---|---|
| 003 | EG-ScBUE | ||
| 005 | 20220628095453.0 | ||
| 008 | 180828s1998 enk f d 000 0 eng d | ||
| 020 | _a0198601522 | ||
| 020 | _a9780198601524 | ||
| 040 |
_aEG-ScBUE _beng _erda _cEG-ScBUE _dEG-ScBUE |
||
| 041 | 0 |
_arus _aeng |
|
| 082 | 0 | 4 |
_a491.7321 _bCON _222 |
| 245 | 0 | 0 |
_aConcise Oxford Russian dictionary / _cRussian-English, edited by Marcus Wheeler and Boris Unbegaun ; English-Russian, edited by Paul Falla. |
| 264 | 1 |
_aOxford : _bOxford University Press, _c1998. |
|
| 300 |
_axiv, 1007 pages ; _c25 cm |
||
| 336 |
_2rdacontent _atext _btxt |
||
| 337 |
_2rdamedia _aunmediated _bn |
||
| 338 |
_2rdacarrier _avolume _bnc |
||
| 520 | _aOffering guidance on pronunciation and grammar, entries include abbreviations and contemporary Russian and English phrases. | ||
| 546 | _aText in Russian and English. | ||
| 650 | 7 |
_aRussian language _vDictionaries _xEnglish. _2BUEsh |
|
| 650 | 7 |
_aEnglish language _vDictionaries _xRussian. _2BUEsh |
|
| 651 | _2BUEsh | ||
| 653 |
_bHHUUEENN _cAugust2018 |
||
| 655 |
_vReading book _934232 |
||
| 700 | 1 |
_aWheeler, Marcus, _eeditor. _938601 |
|
| 700 | 1 |
_aUnbegaun, Boris Ottokar, _d1898-1973, _eeditor. |
|
| 700 | 1 |
_aFalla, P. S. _q(Paul Stephen), _d1913- _eeditor. |
|
| 942 |
_2ddc _cREFERENCE |
||
| 999 |
_c9379 _d9379 |
||